Welcome to the Holygrace Academy Library

Please use search bar below to get started

CAREFUL HANS (Record no. 6050)

MARC details
000 -LEADER
fixed length control field 00324nam a22001457a 4500
020 ## - INTERNATIONAL STANDARD BOOK NUMBER
ISBN 0-435-99972-9
082 ## - DEWEY DECIMAL CLASSIFICATION NUMBER
Classification number 823
Item number FAS/C
100 ## - MAIN ENTRY--AUTHOR NAME
Personal name FASSETT, JAMES.H
245 ## - TITLE STATEMENT
Title CAREFUL HANS
260 ## - PUBLICATION, DISTRIBUTION, ETC. (IMPRINT)
Place of publication NEW DELHI
Name of publisher OXFORD UNIVERSITY PRESS
Year of publication 2004
300 ## - PHYSICAL DESCRIPTION
Number of Pages 144
520 ## - SUMMARY, ETC.
Summary, etc SHORT STORY
650 ## - SUBJECT ADDED ENTRY--TOPICAL TERM
Topical Term SHORT STORY
942 ## - ADDED ENTRY ELEMENTS (KOHA)
Koha item type Books
Holdings
Withdrawn status Lost status Collection code Home library Current library Shelving location Date acquired Source of acquisition Cost, normal purchase price Full call number Accession Number Koha item type
    Fiction Main Library Main Library SHELF 15-J-CHILDREN'S STORYBOOKS 10/12/2012 Purchase 70.00 823 FAS/C 4800 Books